Language Quiz

Random Language or Letter Quiz

'B' Vocabulary (Hard) Quiz Stats

Quiz Updated Dec 3, 2016

Challenge
Share
Tweet
Embed
Score 0/25 Timer 09:00
14 Plays Today
% Correct
baccalaureate
91.5%
bailiff
91%
barogram
89.2%
behemoth
88.1%
brevity
86.2%
benediction
85.6%
ballistic
84.6%
bouillabaisse
84.5%
ballyhoo
81.5%
bedouin
76.8%
bolivar
75.4%
boondocks
75.1%
bladderwort
70.6%
% Correct
bolster
69.5%
beatific
68%
bauxite
64.6%
briquette
63.7%
basalt
63.3%
brimstone
56.6%
bodkin
52.9%
bildungsroman
51%
bijou
50.6%
bitumen
45.9%
bluenose
45.4%
bight
41.5%

You're not logged in!

Compare scores with friends on all Sporcle quizzes.
Join for Free
OR
Log In

You Might Also Like...

Show Comments

Extras

Top Quizzes Today


Score Distribution

Your Account Isn't Verified!

In order to create a playlist on Sporcle, you need to verify the email address you used during registration. Go to your Sporcle Settings to finish the process.

Report this User

Report this user for behavior that violates our Community Guidelines.

Details: